Vocabulari de la indústria tèxtil: Materials tèxtils: Preparació per a la filatura (Registre núm. 54785)
[ vista simple ]
| 000 -LEADER | |
|---|---|
| campo de control de longitud fija | 01241aam a2200457a 44500 |
| 008 - DATOS DE LONGITUD FIJA--INFORMACIÓN GENERAL | |
| campo de control de longitud fija | 930106s1990 cat |
| 020 ## - NÚMERO INTERNACIONAL ESTÁNDAR DEL LIBRO | |
| Número Internacional Estándar del Libro | 847653065X |
| 041 ## - CÓDIGO DE IDIOMA | |
| Código de lengua del texto/banda sonora o título independiente | cat |
| 041 ## - CÓDIGO DE IDIOMA | |
| Llengües tractades | spa |
| 080 ## - NÚMERO DE LA CLASIFICACIÓN DECIMAL UNIVERSAL | |
| Número de la Clasificación Decimal Universal | 677(038) |
| 100 ## - ENTRADA PRINCIPAL--NOMBRE DE PERSONA | |
| Nombre de persona | Mumbrú i Laporta, Josep |
| 9 (RLIN) | 65797 |
| 245 ## - MENCIÓN DEL TÍTULO | |
| Título | Vocabulari de la indústria tèxtil: Materials tèxtils: Preparació per a la filatura |
| 245 ## - MENCIÓN DEL TÍTULO | |
| Mención de responsabilidad, etc. | Josep Mumbrú i Laporta |
| 260 ## - PUBLICACIÓN, DISTRIBUCIÓN, ETC. | |
| Lugar de publicación, distribución, etc. | Barcelona |
| 260 ## - PUBLICACIÓN, DISTRIBUCIÓN, ETC. | |
| Nombre del editor, distribuidor, etc. | Universitat Politècnica de Catalunya. Servei de Llengües i Terminologia |
| 260 ## - PUBLICACIÓN, DISTRIBUCIÓN, ETC. | |
| Fecha de publicación, distribución, etc. | 1990 |
| 300 ## - DESCRIPCIÓN FÍSICA | |
| Extensión | 70 p. |
| Otras características físicas | il. |
| Dimensiones | 26 cm |
| 365 ## - PRECIO COMERCIAL | |
| Cantidad | 1.500 |
| 365 ## - PRECIO COMERCIAL | |
| Código de moneda | ptes |
| 500 ## - NOTA GENERAL | |
| Nota general | Arbre de camp, sinònims, categoria gramatical |
| 500 ## - NOTA GENERAL | |
| Nota general | Índex castellà: p.61. Bibliografia: p.69 |
| 500 ## - NOTA GENERAL | |
| Publicació TERMCAT | termcat |
| 520 ## - RESUMEN, ETC. | |
| Nombre de termes | 583 |
| 591 ## - Codi de font | |
| Codi de font | 2422 |
| 592 ## - Tipus obra | |
| Tipus d'obra | Obra terminològica |
| 593 ## - Codi CGAT | |
| Codi de la CGAT | IS |
| 593 ## - Codi CGAT | |
| Codi de la CGAT | ISA |
| 593 ## - Codi CGAT | |
| Codi de la CGAT | ISC |
| 594 ## - Número de document | |
| Número de document | 2422 |
| 650 ## - PUNTO DE ACCESO ADICIONAL DE MATERIA--TÉRMINO DE MATERIA | |
| Término de materia o nombre geográfico como elemento de entrada | fibres |
| 9 (RLIN) | 65798 |
| 650 ## - PUNTO DE ACCESO ADICIONAL DE MATERIA--TÉRMINO DE MATERIA | |
| Término de materia o nombre geográfico como elemento de entrada | filatura |
| 9 (RLIN) | 63214 |
| 650 ## - PUNTO DE ACCESO ADICIONAL DE MATERIA--TÉRMINO DE MATERIA | |
| Término de materia o nombre geográfico como elemento de entrada | indústria tèxtil |
| 9 (RLIN) | 61223 |
| 901 ## - ELEMENTOS DE DATOS A LOCAL LDA (RLIN) | |
| c | DL <1990> |
| 902 ## - ELEMENTOS DE DATOS B LOCAL, LDB (RLIN) | |
| a | 930106 |
| 942 ## - ELEMENTOS DE ENTRADA SECUNDARIOS (KOHA) | |
| Tipo de ítem Koha | Monografia |
| Suprimir en OPAC | No |
| Fuente del sistema de clasificación o colocación | Clasificación Decimal Dewey |
| Estatus retirado | Estado de pérdida | Estado de daño | No para préstamo | Biblioteca de origen | Biblioteca actual | Fecha de adquisición | Total de préstamos | Signatura topográfica completa | Código de barras | Visto por última vez | Precio de reemplazo | Tipo de ítem Koha |
|---|---|---|---|---|---|---|---|---|---|---|---|---|
| TERMCAT | TERMCAT | 06/01/1993 | IS 7 | 03838 | 30/09/2021 | 30/09/2021 | MO |